Los tiempos del tiempo: una nueva perspectiva para la consulta y la terapia sistémicas
Đã lưu trong:
| Tác giả chính: | |
|---|---|
| Tác giả khác: | |
| Định dạng: | Sách |
| Ngôn ngữ: | Tiếng Tây Ban Nha |
| Được phát hành: |
Barcelona
Paidós
1996
|
| Loạt: | Colección Terapia Familiar, 66
|
| Những chủ đề: | |
| Các nhãn: |
Thêm thẻ
Không có thẻ, Là người đầu tiên thẻ bản ghi này!
|
MARC
| LEADER | 00000nam a2200000 a 4500 | ||
|---|---|---|---|
| 001 | UCT2694 | ||
| 003 | CL-VaPUC | ||
| 008 | 961011e19960000SP |||||||||||||||||spa|d | ||
| 082 | 0 | 4 | |a 616.891 |b BOS |2 21 |
| 100 | 0 | |a Boscolo, Luigi |e author |9 371669 | |
| 700 | |a Bertrando, Paolo |e autor |9 496154 | ||
| 245 | 1 | 4 | |a Los tiempos del tiempo: una nueva perspectiva para la consulta y la terapia sistémicas |
| 300 | |a 318 p | ||
| 942 | |c BK | ||
| 945 | |d 19961011 00:00:00 |a nastorga | ||
| 260 | |a Barcelona |b Paidós |c 1996 | ||
| 650 | 0 | |a Tiempo |9 267892 | |
| 650 | 0 | |a Filosofía |9 223554 | |
| 650 | 0 | |a Historia |9 255047 | |
| 650 | 0 | |a Determinismo |9 322357 | |
| 650 | 7 | |a IRREVERSABILIDAD |2 CL-VaPUC |9 371671 | |
| 650 | 7 | |a INDIVIDUO |2 CL-VaPUC |9 334576 | |
| 650 | 0 | |a Familias |9 255641 | |
| 650 | 7 | |a PSICOTERAPIA |2 CL-VaPUC |9 371672 | |
| 650 | 0 | |a Memoria |9 266549 | |
| 650 | 7 | |a CASOS CLINICOS |2 CL-VaPUC |9 371673 | |
| 583 | |a last modification |c 19961011 00:00:00 |k Rodrigo Vera | ||
| 490 | 0 | |a Colección Terapia Familiar, 66 | |
| 999 | |c 252677 |d 252675 | ||
| 952 | |0 0 |1 0 |4 0 |6 616_891000000000000_BOS_1996 |7 0 |8 A |9 272703 |a BIBEDU |b BIBEDU |d 2019-11-19 |i 324041K |o 616.891 BOS 1996 |p 324041K |r 2019-11-19 |w 2019-11-19 |y BK |k PSI | ||
| 952 | |0 0 |1 0 |4 0 |6 616_891000000000000_BOS_1996 |7 0 |8 A |9 272704 |a BIBEDU |b BIBEDU |d 2019-11-19 |i 3491420 |o 616.891 BOS 1996 |p 3491420 |r 2019-11-19 |w 2019-11-19 |y BK |k PSI | ||
| 952 | |0 0 |1 0 |4 0 |6 616_891000000000000_BOS_1996 |7 0 |8 A |9 272705 |a BIBEDU |b BIBEDU |d 2019-11-19 |i 3491439 |o 616.891 BOS 1996 |p 3491439 |r 2019-11-19 |w 2019-11-19 |y BK |k PSI | ||
| 952 | |0 0 |1 0 |4 0 |6 616_891000000000000_BOS_1996 |7 0 |8 A |9 272706 |a BIBEDU |b BIBEDU |d 2019-11-19 |i 3907430 |o 616.891 BOS 1996 |p 3907430 |r 2019-11-19 |w 2019-11-19 |y BK |k PSI | ||
| 952 | |0 0 |1 0 |4 0 |6 616_891000000000000_BOS_1996 |7 0 |8 A |9 272707 |a BIBEDU |b BIBEDU |d 2019-11-19 |i 3907449 |l 2 |m 2 |o 616.891 BOS 1996 |p 3907449 |r 2024-09-10 |s 2024-09-10 |w 2019-11-19 |y BK |k PSI | ||
| 952 | |0 0 |1 0 |4 0 |6 616_891000000000000_BOS_1996 |7 0 |8 A |9 272708 |a BIBEDU |b BIBEDU |d 2019-11-19 |i 4783638 |l 1 |o 616.891 BOS 1996 |p 4783638 |r 2025-01-28 |s 2024-12-11 |w 2019-11-19 |y BK |k PSI | ||